000 00457nam a22001457a 4500
082 _a342.7302
_bMAL
100 _aMalik, M.A.
245 _aOutlines of The Constitutional of The United States of America /
_cM.A. Malik
250 _aNew Revised Edition.
260 _aLahore :
_bP.L.D. Publishers,
_c2023.
300 _a206 p. ;
_c24 cm.
563 _aHardcover.
650 _aLaw, Constitutional of The United States of America
_9126250
942 _2ddc
_cBK
999 _c611977
_d611977